000 00389nam a2200181Ia 4500
001 15081
005 20260306165001.0
008 260306t1996||||xx |||||||||||||| ||spa||
041 _aESP
082 _a530
_bH18 T. 2
100 _aHalliday, David
_eAUT
245 0 _aFĂ­sica
260 _c1996
300 _a
_c28 cm.
650 _aGEN
654 _aCCN
942 _cLIB
_dJUS
_fJUS
_2ddc
_n
999 _c15081
_d15081